| 000 | 01069nam a22002894i 4500 | ||
|---|---|---|---|
| 001 | 200452824 | ||
| 999 |
_c200452824 _d71036 |
||
| 003 | TR-AnTOB | ||
| 005 | 20240827141405.0 | ||
| 007 | ta | ||
| 008 | 221027s1968 tu ao 000 0 tur d | ||
| 040 |
_aT9K _beng _erda _cT9K _dTR-AnTOB |
||
| 041 | 0 |
_atur _aara |
|
| 050 | 1 | 4 |
_aDR440 _b.R375 1968 |
| 090 |
_aDR440 _b.R375 1968 |
||
| 100 | 1 |
_aAhmet Rasim _d1864?-1932 _eauthor _947481 |
|
| 245 | 1 | 0 |
_aOsmanlı tarihi : _b(seçmeler) / _cAhmed Rasim ; hazırlayan: İsmet Parmaksızoğlu. |
| 264 | 1 |
_aİstanbul : _bDevlet Kitapları, _c1968. |
|
| 300 |
_a163, [32] pages : _billustrations, photographs ; _c24 cm |
||
| 336 |
_atext _btxt _2rdacontent |
||
| 337 |
_aunmediated _bn _2rdamedia |
||
| 338 |
_avolume _bnc _2rdacarrier |
||
| 490 | 0 |
_aMilli Eğitim Bakanlığı Büyük Türk Yazarları ve Şairleri Komisyonu Yayınları ; _v2 _aTarih Serisi ; _v2 |
|
| 651 | 7 |
_aTürkiye _xTarih _yOsmanlı İmparatorluğu, 1288-1918 _2etuturkob _955241 |
|
| 700 |
_aParmaksızoğlu, İsmet, _d1924- _eeditor _947279 |
||
| 942 |
_2lcc _cBK |
||